00985nam a22002414a 450000500170000000800410001701000140005802000270007203500130009903700150011204000180012708200120014510000330015724501230019026000400031327000460035330000590039950000510045865000450050994200260055499900170058095201460059720080903163048.0080128s2008 ii abf b 001 0 eng  aENG-92561 a9788173872105c1200.00 aEN-76094 bDBAD / PUB adplbEnglish  a726.145 aUpādhyāya, Nīlamaṇi. aTemples of Himachal Pradesh :barchitectural, sculptural, religious, and cultural significance /cby Neelmani Upadhyay aNew Delhi bIndus Publishing c2008 aFS-5, Tagore Garden, bNew Delhi e110027 a207 p., [32] p. of plates :bill., 1 map ;c25 cm (Hb) aIncludes bibliographical references and index. aTemples, HinduzIndiazHimachal Pradesh. 2ddccENmUPAh726.145 c21118d21118 00102ddc40718NFICaDBADbDBADd2009-01-16eDBAD / PUBg1200.00l0o726.145 UPApEN-76094r2009-01-16 00:00:00t1v1200.00w2009-01-16yEN